| 000 | 00651nam a2200181Ia 4500 | ||
|---|---|---|---|
| 008 | 151202s9999||||xx |||||||||||||| ||und|| | ||
| 082 | _bPNVM-35176 | ||
| 100 | _aमिरासदार द. मा. | ||
| 245 | _aमी लाडाची मैना तुमची. | ||
| 260 | _b"अपर्णा प्रकाशन,पुणे." | ||
| 260 | _c1979 | ||
| 300 | _a80 | ||
| 600 | _aमिरासदार द. मा. | ||
| 630 | _aमी लाडाची मैना तुमची. | ||
| 700 | _aमिरासदार द. मा. | ||
| 730 | _aमी लाडाची मैना तुमची. | ||
| 942 | _cBOOK | ||
| 999 |
_c1301132 _d1301129 |
||